| 000 | 00489nam a2200181 a 4500 | ||
|---|---|---|---|
| 001 | 17292 | ||
| 005 | 20180713210419.0 | ||
| 008 | 140415s1970 mx 000 0 spa d | ||
| 041 | _aspa | ||
| 082 |
_a658.402 _bINE |
||
| 100 | 1 | _aINES PEIRO, JOSE | |
| 245 | 1 | 3 | _aEL ANALISIS DE PUESTOS Y LAS POSIBILIDADES QUE OFRECE SU APLICACION |
| 250 | _a1a ed. | ||
| 260 |
_aMEXICO : _bITESM, _c1970 |
||
| 300 | _a63 | ||
| 490 |
_aCUADERNO _v29 |
||
| 650 | 1 | 4 | _aORGANIZACION INTERNA |
| 999 |
_c17292 _d17292 |
||